Challenges in the development of image of retail stores in India (Record no. 117062)

000 -LEADER
fixed length control field 00468pab a2200169 454500
008 - FIXED-LENGTH DATA ELEMENTS--GENERAL INFORMATION
fixed length control field 180718b2018 xxu||||| |||| 00| 0 eng d
100 ## - MAIN ENTRY--PERSONAL NAME
Personal name Hemantha Y.
245 ## - TITLE STATEMENT
Title Challenges in the development of image of retail stores in India
260 ## - PUBLICATION, DISTRIBUTION, ETC.
Date of publication, distribution, etc. 2018
300 ## - PHYSICAL DESCRIPTION
Extent p.49-53.
362 ## - DATES OF PUBLICATION AND/OR SEQUENTIAL DESIGNATION
Dates of publication and/or sequential designation Jul & Jan
650 ## - SUBJECT ADDED ENTRY--TOPICAL TERM
Topical term or geographic name entry element Retail stores - India
650 ## - SUBJECT ADDED ENTRY--TOPICAL TERM
Topical term or geographic name entry element Retail stores
700 ## - ADDED ENTRY--PERSONAL NAME
Personal name Arun B.K.
773 ## - HOST ITEM ENTRY
Main entry heading Prestige International Journal of Management
909 ## -
-- 117068
Holdings
Withdrawn status Lost status Damaged status Not for loan Permanent Location Current Location Date acquired Serial Enumeration / chronology Barcode Date last seen Price effective from Koha item type
        Indian Institute of Public Administration Indian Institute of Public Administration 2018-07-19 Volume no: 9 & 10, Issue no: 2 & 1 AR117528 2018-07-19 2018-07-19 Articles

Powered by Koha